Congedo ordinario : romanzo /

সংরক্ষণ করুন:
গ্রন্থ-পঞ্জীর বিবরন
প্রধান লেখক: Severini, Gilberto (লেখক)
অন্যান্য লেখক: Raffaeli, Massimo
বিন্যাস: গ্রন্থ
ভাষা:ইতালিয়
প্রকাশিত: Ancona : Pequod, ©1996
ট্যাগগুলো: ট্যাগ যুক্ত করুন
কোনো ট্যাগ নেই, প্রথমজন হিসাবে ট্যাগ করুন!

MARC

LEADER 00000nam a22000007i 4500
001 IT\ICCU\REA\0037054
003 ItRI
005 20260220162339.0
008 960911s1996 it |||||| ||||| |||||c
020 |a 8876632077 
040 |b ita  |c ct 
041 7 |a ita  |2 ISO-639-2 
082 |a 853.914  |2 20 
100 1 |a Severini, Gilberto  |0 IT\ICCU\CFIV\076135  |4 aut 
245 1 0 |a Congedo ordinario :  |b romanzo /  |c Gilberto Severini ; postfazione di Massimo Raffaeli. 
260 |a Ancona :  |b Pequod,  |c ©1996 
300 |a 111 p. ;  |c 22 cm. 
700 1 |a Raffaeli, Massimo  |0 IT\ICCU\CFIV\072845 
942 |2 ddc  |c BK 
952 |0 0  |1 0  |2 ddc  |4 0  |6 B_LNR02SEVGICON11  |7 0  |9 9209  |a MI  |b MI  |d 2013-10-30  |i 5887  |l 0  |o B-LNR02-SEVGI-CON11  |p CDOM5887  |r 2025-07-17 21:50:47  |w 2025-07-17  |y BK 
952 |0 0  |1 0  |2 ddc  |4 0  |6 B_LNR02SEVGICON12  |7 0  |9 9210  |a MI  |b MI  |d 2014-02-14  |i 6604  |l 0  |o B-LNR02-SEVGI-CON12  |p CDOM6604  |r 2025-07-17 21:50:47  |w 2025-07-17  |y BK 
952 |0 0  |1 0  |4 0  |6 DOC_853_914000000000000_SEV  |7 0  |9 16665  |a BO  |b BO  |d 2026-01-15  |i 17509  |l 0  |o DOC 853.914 SEV  |p BO17509  |r 2026-01-15 23:19:25  |w 2026-01-15  |x [Sebina 5] [1 v.]  |y BK  |z 1 v. (2. ed., ma rist. 1997) 
999 |c 7676  |d 7676